000 00315nam a22001337a 4500
008 171106b xxu||||| |||| 00| 0 eng d
020 _a9780133287332
041 _aeng
080 _24TH
_a330.722.6
100 _a61
101 _aKON
245 _aCOMPARATIVE INTERNATIONAL ACCOUNTING
_cNOBES,CH
942 _2udc
_cBK
999 _c37708
_d37708